000 00470nam a2200169Ia 4500
008 240729s9999 xx 000 0 und d
022 _a2090-0031
245 0 _aJournal of Parasitology Research
260 _aUnited Kingdom
260 _bHindawi Limited
650 _a Infectious and parasitic diseases
650 _a Internal medicine
650 _aMedicine
856 _uhttps://doaj.org/toc/2a651488e5ed4717b685328c8b3a6aad
942 _2ddc
942 _cDOAJEJ
999 _c71776
_d71776
945 _a1
_bMadushi Gamage
_c1
_dMadushi Gamage